Contra las prácticas argumentativas de apelación a la “teoría de la pena” en la dogmática penal

En la comprensión identitaria de la dogmática penal, la relevancia que esta le otorga a los discursos relativos a los fines que legitimarían el castigo penal (la “teoría de la pena”) es especialmente intensa. El artículo somete a crítica la capacidad de rendimiento de la definición metodológica infl...

Full description

Bibliographic Details
Main Author: Wilenmann von Bernath, Javier
Format: Analitica de revista
Language:English
Online Access:Acceso electrónico al documenrto

MARC

LEADER 00000cab a2200000 a 4500
001 041041
003 UAHC_CL
005 20250912184522.0
008 250912s2017cl 000 spa eng d
040 |a UAHC_CL  |c UAHC_CL  |d UAHC_CL 
100 |a Wilenmann von Bernath, Javier  |9 22298 
245 1 0 |a Contra las prácticas argumentativas de apelación a la “teoría de la pena” en la dogmática penal   |c Javier Wilenmann von Bernath. 
264 |a Santiago, Chile :  |b Politica criminal,  |c 2017. 
300 |a pp. 754-785. 
500 |a En: Política criminal, número 12, volumen 24, 2017, entre las páginas 754-785.  
520 |a En la comprensión identitaria de la dogmática penal, la relevancia que esta le otorga a los discursos relativos a los fines que legitimarían el castigo penal (la “teoría de la pena”) es especialmente intensa. El artículo somete a crítica la capacidad de rendimiento de la definición metodológica influenciada por el discurso de la teoría de la pena y de la aplicación directa, en contextos de discusión dogmática, de argumentos de “teoría de la pena”. El artículo muestra que la pretensión de identificación de aspectos propios del objeto de la dogmática penal (el “derecho penal”) a partir de consideraciones relativas a los fines de su sanción es particularmente débil. Argumentos de concordancia con fines en la interpretación de ciertas instituciones son, en cambio, plausibles en la medida en que la institución en interpretación pueda ser plausiblemente vinculada a esos fines. Ello no arranca, sin embargo, de ninguna consideración relativa a finalidades que sean atribuibles a la “pena en sí”.  
856 |y Acceso electrónico al documenrto  |u https://www.scielo.cl/pdf/politcrim/v12n24/0718-3399-politcrim-12-24-00754.pdf 
942 |c REVA  |2 ddc 
952 |0 0  |1 0  |2 ddc  |4 0  |6 RECURSO_ELECTRÓNICO  |7 0  |8 COMP  |9 101311  |a BR  |b BR  |c Digital  |d 2025-09-12  |l 0  |o Recurso electrónico  |r 2025-09-12 18:45:50  |w 2025-09-12  |y REVA  |B DER 
999 |c 63033  |d 63033